Most Popular Quiz Websites - Statistics

General Stats
  • This quiz has been taken 11 times
    6 since last reset
  • The average score is 3 of 10
Answer Stats
Answer % Correct
JetPunk
100%
Sporcle/Orcspel
83%
Kahoot
50%
Quizizz
33%
Quizlet
33%
FunTrivia
17%
Embed Quiz
0%
Personalities
0%
QuizHub
0%
TriviaNerd
0%
No matching quizzes found
Score Distribution
Percent of People with Each Score
Percentile by Number Answered
Your Score History
You have not taken this quiz since the last reset